| 000 | 00379nam a22001337a 4500 | ||
|---|---|---|---|
| 020 | _a8173790496 | ||
| 040 | _cNust | ||
| 082 |
_a510 _bCUR'A |
||
| 100 |
_aS.D Adhikari _9126806 |
||
| 245 | _aCurrent trends in mathematics and physics | ||
| 260 |
_aNew Delhi: _bNarosa Publishing house, _c1995. |
||
| 650 |
_aCurrent trends in mathematics and physics _9126807 |
||
| 942 |
_2ddc _cBK |
||
| 999 |
_c612261 _d612261 |
||